LEADER 05898nam 2200529 450 001 9910467394203321 005 20200520144314.0 010 $a3-11-046045-9 024 7 $a10.1515/9783110461015 035 $a(CKB)4100000001502363 035 $a(MiAaPQ)EBC5156698 035 $a(DE-B1597)461750 035 $a(OCoLC)1020026114 035 $a(DE-B1597)9783110461015 035 $a(Au-PeEL)EBL5156698 035 $a(CaPaEBR)ebr11497564 035 $a(EXLCZ)994100000001502363 100 $a20180206h20172017 uy 0 101 0 $aeng 135 $aurcnu|||||||| 181 $2rdacontent 182 $2rdamedia 183 $2rdacarrier 200 00$aAesthetics of religion $ea connective concept /$fedited by Alexandra K. Grieser and Jay Johnston 210 1$aBerlin, [Germany] ;$aBoston, [Massachusetts] :$cDe Gruyter,$d2017. 210 4$d©2017 215 $a1 online resource (512 pages) 225 1 $aReligion and Reason ;$vBand 58 300 $aIncludes index. 311 $a3-11-045875-6 311 $a3-11-046101-3 327 $tFrontmatter -- $tForeword -- $tTable of Contents -- $tWhat is an Aesthetics of Religion? From the Senses to Meaning-and Back Again / $rGrieser, Alexandra / Johnston, Jay -- $tList of Figures -- $tPART I. Fields and Topics -- $tGrasping the Formless in Stones: The Petromorphic Gods of the Hindu Pañc?yatanap?j? / $rAktor, Mikael -- $tReligion, Literature, and the Aesthetics of Expressionism / $rHamilton, John T. / Renger, Almut-Barbara -- $tScreening the Father of Lights: Documentary Film and the Aesthetics of the Nonfictional in Contemporary Religion / $rHermann, Adrian -- $tThe Literary Aesthetics of Religious Narratives: Probing Literary-Aesthetic Form, Emotion, and Sensory Effects in Exodus 7-11 / $rFeldt, Laura -- $tPART II. History and Politics -- $tBelow the Horizon of Meaning: Figuration, Disfiguration, Transfiguration / $rLargier, Niklaus -- $tThe Performative Knowledge of Ecstasy: Jane E. Harrison's (1850-1928) Early Contestations of the Textual Paradigm in Religious Studies / $rBrunotte, Ulrike -- $tWhat Does a Reformed City Look Like? - Changes in Visible Religion During the Reformation in Bremen / $rAuffarth, Christoph -- $tStanding, Not Walking - The Hieratic as a Key Term of an Anthropologically Based Aesthetics of Religion / $rMohr, Hubert -- $tPART III. Comparison and Transfer -- $tBlue Brains: Aesthetic Ideologies and the Formation of Knowledge Between Religion and Science / $rGrieser, Alexandra -- $tAesthetic Dimensions and Transformative Dynamics of Mimetic Acts: The Veneration of Habib-i Neccar Among Muslims and Christians in Antakya, Turkey / $rKreinath, Jens -- $tAestheticisation and the Production of (Religious) Space in Chennai / $rSva?ek, Maru?ka -- $tMoving Religion by Sound: On the Effectiveness of the N?da-Brahman in India and Modern Europe / $rWilke, Annette -- $tPART IV. Concepts and Theories -- $tEsoteric Aesthetics: The Spiritual Matter of Intersubjective Encounter / $rJohnston, Jay -- $tAesthetics of Immersion: Collective Effervescence, Bodily Synchronisation and the Sensory Navigation of the Sacred / $rSchüler, Sebastian -- $tThe Governance of Aesthetic Subjects Through Body Knowledge and Affect Economies. A Cognitive-Aesthetic Approach / $rKoch, Anne -- $tReligion in the Flesh: Non-Reductive Materialism and the Ecological Aesthetics of Religion / $rVásquez, Manuel A. -- $tPART V. In Conversation: Essays About the Connectivity of an Aesthetics of Religion -- $tSubjects and Sense-Making / $rCummins, Fred -- $tConsumer Culture and the Sensory Remodelling of Religion / $rGauthier, François -- $tSocial Aesthetics, Atmosphere and Proprioception / $rHeidemann, Frank -- $tSemiotics and Aesthetics: Historical and Structural Connections / $rYelle, Robert -- $tThe Artificiality of Aesthetics: Making Connections on the Erie Canal / $rPlate, S. Brent -- $tAuthors Biographies -- $tIndex 330 $aThis volume is the first English language presentation of the innovative approaches developed in the aesthetics of religion. The chapters present diverse material and detailed analysis on descriptive, methodological and theoretical concepts that together explore the potential of an aesthetic approach for investigating religion as a sensory and mediated practice. In dialogue with, yet different from, other major movements in the field (material culture, anthropology of the senses, for instance), it is the specific intent of this approach to create a framework for understanding the interplay between sensory, cognitive and socio-cultural aspects of world-construction. The volume demonstrates that aesthetics, as a theory of sensory knowledge, offers an elaborate repertoire of concepts that can help to understand religious traditions. These approaches take into account contemporary developments in scientific theories of perception, neuro-aesthetics and cultural studies, highlighting the socio-cultural and political context informing how humans perceive themselves and the world around them. Developing since the 1990s, the aesthetic approach has responded to debates in the study of religion, in particular striving to overcome biased categories that confined religion either to texts and abstract beliefs, or to an indisputable sui generis mode of experience. This volume documents what has been achieved to date, its significance for the study of religion and for interdisciplinary scholarship. 410 0$aReligion and reason ;$vBand 58. 606 $aReligion and civil society 608 $aElectronic books. 615 0$aReligion and civil society. 676 $a294.337 702 $aJohnston$b Jay 702 $aGrieser$b Alexandra K. 801 0$bMiAaPQ 801 1$bMiAaPQ 801 2$bMiAaPQ 906 $aBOOK 912 $a9910467394203321 996 $aAesthetics of religion$92461075 997 $aUNINA LEADER 04657nam 22006975 450 001 9910460226703321 005 20220116132830.0 010 $a9789462098060 010 $a9462098069 024 7 $a10.1007/978-94-6209-806-0 035 $a(CKB)3710000000244804 035 $a(EBL)1973947 035 $a(OCoLC)891651105 035 $a(SSID)ssj0001354244 035 $a(PQKBManifestationID)11906053 035 $a(PQKBTitleCode)TC0001354244 035 $a(PQKBWorkID)11322707 035 $a(PQKB)11735030 035 $a(MiAaPQ)EBC3034990 035 $a(DE-He213)978-94-6209-806-0 035 $a(MiAaPQ)EBC1973947 035 $a(nllekb)BRILL9789462098060 035 $a(Au-PeEL)EBL3034990 035 $a(CaPaEBR)ebr10931980 035 $a(CaONFJC)MIL764187 035 $a(PPN)181350785 035 $a(EXLCZ)993710000000244804 100 $a20140924d2014 u| 0 101 0 $aeng 135 $aurcnu|||||||| 181 $ctxt 182 $cc 183 $acr 200 14$aThe Politics of Panem $eChallenging Genres /$fedited by Sean P. Connors 205 $a1st ed. 2014. 210 1$aRotterdam :$cSensePublishers :$cImprint: SensePublishers,$d2014. 215 $a1 online resource (227 p.) 225 1 $aCritical Literacy Teaching Series: Challenging Authors and Genre 300 $aDescription based upon print version of record. 311 08$a9789462098053 311 08$a9462098050 311 08$a9789462098046 311 08$a9462098042 320 $aIncludes bibliographical references. 327 $aPreliminary Material /$rSean P. Connors -- Introduction /$rSean P. Connors -- ?Some Walks You Have to Take Alone? /$rRoberta Seelinger Trites -- Worse Games To Play? /$rSusan S. M. Tan -- Hungering for Middle Ground /$rMeghann Meeusen -- The Three Faces of Evil /$rBrian McDonald -- ?I Was Watching You, Mockingjay? /$rSean P. Connors -- Exploiting the Gaps in the Fence /$rMichael Macaluso and Cori McKenzie -- ?It?s Great to Have Allies As Long As You Can Ignore the Thought That You?ll Have to Kill Them? /$rAnna O. Soter -- ?I Try to Remember Who I Am and Who I Am Not? /$rSean P. Connors -- ?We End Our Hunger for Justice!? /$rRodrigo Joseph Rodríguez -- ?She Has No Idea. The Effect She Can Have? /$rHilary Brewster -- Are the -Isms Ever in Your Favor? /$rIris Shepard and Ian Wojcik-Andrews -- The Revolution Starts With Rue /$rAntero Garcia and Marcelle Haddix -- Afterword: Why Are Strong Female Characters Not Enough? /$rP. L. Thomas -- Author Biographies /$rSean P. Connors. 330 $aThe Hunger Games trilogy is a popular culture success. Embraced by adults as well as adolescents, Suzanne Collins?s bestselling books have inspired an equally popular film franchise. But what, if anything, can reading the Hunger Games tell us about what it means to be human in the world today? What complex social and political issues does the trilogy invite readers to explore? Does it merely entertain, or does it also instruct? Bringing together scholars in literacy education and the humanities, The Politics of Panem: Challenging Genres examines how the Hunger Games books and films, when approached from the standpoint of theory, can challenge readers and viewers intellectually. At the same time, by subjecting Collins?s trilogy to literary criticism, this collection of essays challenges its complexity as an example of dystopian literature for adolescents. How can applying philosophic frameworks such as those attributable to Socrates and Foucault to the Hunger Games trilogy deepen our appreciation for the issues it raises? What, if anything, can we learn from considering fan responses to the Hunger Games? How might adapting the trilogy for film complicate its ability to engage in sharp-edged social criticism? By exploring these and other questions, The Politics of Panem: Challenging Genres invites teachers, students, and fans of the Hunger Games to consider how Collins?s trilogy, as a representative of young adult dystopian fiction, functions as a complex narrative. In doing so, it highlights questions and issues that lend themselves to critical exploration in secondary and college classrooms. 410 0$aCritical Literacy Teaching Series: Challenging Authors and Genre 606 $aEducation 606 $aEducation 615 0$aEducation. 615 14$aEducation. 676 $a370 676 $a813.609 702 $aConnors$b Sean P. 801 0$bMiAaPQ 801 1$bMiAaPQ 801 2$bMiAaPQ 906 $aBOOK 912 $a9910460226703321 996 $aThe politics of Panem$92490543 997 $aUNINA LEADER 02499nam0 22005173i 450 001 MIL0075317 005 20251003044222.0 020 $aIT$b821440 100 $a19911129d1981 ||||0itac50 ba 101 | $aita 102 $ait 181 1$6z01$ai $bxxxe 182 1$6z01$an 183 1$6z01$anc$2RDAcarrier 200 1 $aGiovani e lavoro: dati empirici e prospettive culturali$eatti del convegno organizzato dalla rivista "Vita e pensiero"$eMilano, 7-8 novembre 1981$fGiuseppe Lazzati ... [et al.] 210 $aMilano$cVita e pensiero$d1981 215 $a95 p.$d22 cm 225 | $aQuaderni di Vita e Pensiero 300 $aNomi degli autori in calce al frontespizio 311 $aCollana indicata al singolare sul volume$9BVE0896826 311 $aSuppl. al n. 1 (1982)$9RAV0101893 410 1$1001BVE0896826$12001 $aQuaderni di Vita e Pensiero 422 1$1001RAV0101893$12001 $aVita e Pensiero$erassegna italiana di cultura 606 $aGiovani$xOccupazione$xItalia$xCongressi$xMilano$x1981$2FIR$3SBLC004611$9I 676 $a331.1$9FORZE DI LAVORO E MERCATO DEL LAVORO$v22 676 $a331.12$9MERCATO DEL LAVORO$v21 676 $a331.137$9DISFUNZIONI DEL MERCATO DEL LAVORO. DISOCCUPAZIONE$v23 676 $a331.34$9LAVORO DEI GIOVANI$v20 686 $aHD 6276.I7$c$2C 686 $aIT/4436.2$cLAVORO FORME CONDIZIONI MERCATO ITALIA 1968-1989$2R 686 $aIT/4436.3$cSCUOLA E FORMAZIONE PROFESSIONALE ITALIA 1968-1989$2R 686 $aIT/4438.8$cGIOVANI E STUDENTI ITALIA 1968-1989$2R 686 $aX0.8/1981$cCONFERENZE CONGRESSI CONVEGNI (ATTI DI) 1981$2R 696 $aConvegni$aCongressi e convegni 699 $aCongressi$yConvegni 699 $aCongressi$yCongressi e convegni 702 1$aLazzati$b, Giuseppe$3CFIV003968 801 3$aIT$bIT-000000$c19911129 850 $aIT-BN0095 $aIT-BN0098 901 $bNAP CU$cVITA E P. $n$ 901 $bNAP 01$cPOZZO LIB.$nVi sono collocati fondi di economia, periodici di ingegneria e scienze, periodici di economia e statistica e altri fondi comprendenti documenti di economia pervenuti in dono. 912 $aMIL0075317 950 0$aBiblioteca Centralizzata di Ateneo$c1 v.$d 01POZZO LIB.F. SANTI 635$e 0101 0060033875E VMA 1 v. (Precedente collocazione S 652)$fB $h20221117$i20221117 977 $a 01$a CU 996 $aGiovani e lavoro: dati empirici e prospettive culturali$92964733 997 $aUNISANNIO